| 000 | 02495aam a2200433 a 4500 | ||
|---|---|---|---|
| 003 | AR-RoUNCS | ||
| 005 | 20260611145137.0 | ||
| 007 | ta | ||
| 008 | 080514s2007 ag |r f00| 0 spa d | ||
| 020 | _a9789879161418 | ||
| 040 |
_aAR-BaBN _bspa _cAR-RoUNCS |
||
| 041 | _aspa | ||
| 245 | 0 | 0 |
_aManual de primeros auxilios legales : _buna guía para conocer sus derechos y ejercerlos en la vida cotidiana. |
| 260 |
_a[Buenos Aires] : _bSecretaría de Cultura de la Presidencia de la Nación, _c[2007]. |
||
| 300 |
_a265 p. ; _c23 cm. |
||
| 490 | 0 | _aPrograma Libros y Casas | |
| 505 | 0 | _aPrograma Libros y Casas / José Nun -- Prólogo -- 1. ¿Qué hacer si usted es víctima de discriminación? / Luciana Sánchez -- 2. ¿Qué derechos tienen las personas migrantes? / Georgina Talpone y Pablo Asa -- 3. Orientaciones para tener en cuenta ante ciertos problemas familiares / Sofía Harari -- 4. ¿Cómo identificar la violencia familiar y pedir ayuda? / Soledad Pujó y Malena Derdoy -- 5. Derecho a una vivienda digna / Sebastián Tedeschi -- 6. Los derechos de los trabajadores y las trabajadoras / Adrián Goldín -- 7. Información sobre seguridad social / Cecilia Cabrera y Christian Gruenberg -- 8. Los derechos de consumidores y usuarios / Mariano Fernández Valle -- 9. Información sobre justicia penal / Ileana Arduino y Soledad Pujó -- 10. La cárcel y los derechos de las personas privadas de libertad / Raúl Salinas -- 11. Resolución alternativa de conflictos / Malena Derdoy -- 12. Soluciones urgentes a la violación de derechos fundamentales / Diego Freedman. | |
| 650 | 7 |
_aDerechos políticos y civiles _2embne |
|
| 650 | 7 |
_aDerechos sociales y económicos _2embne |
|
| 650 | 7 |
_aDerechos humanos _zArgentina _2embne |
|
| 700 | 1 |
_aBohmer, Martín _eprologuista |
|
| 700 | 1 |
_aNun, José, _d1934-2021 _eprologuista |
|
| 700 | 1 |
_aSánchez, Luciana _eautora |
|
| 700 | 1 |
_aTalpone, Georgina _eautora |
|
| 700 | 1 |
_aAsa, Pablo _eautor |
|
| 700 | 1 |
_aHarari, Sofía _eautora |
|
| 700 | 1 |
_aPujó, Soledad _eautora |
|
| 700 | 1 |
_aDerdoy, Malena _eautora |
|
| 700 | 1 |
_aTedeschi, Sebastián _eautor |
|
| 700 | 1 |
_aGoldín, Adrián _eautor |
|
| 700 | 1 |
_aCabrera, Cecilia _eautora |
|
| 700 | 1 |
_aGruenberg, Christian _eautor |
|
| 700 | 1 |
_aFernández Valle, Mariano _eautor |
|
| 700 | 1 |
_aArduino, Ileana _eautora |
|
| 700 | 1 |
_aSalinas, Raúl _eautor |
|
| 700 | 1 |
_aFreedman, Diego _eautor |
|
| 710 | 1 |
_aArgentina. _bSecretaría de Cultura _eentidad responsable |
|
| 942 |
_2udc _cOG _n0 |
||
| 999 |
_c1048 _d1048 |
||